Statistics for Wikipedias with 1M+ Articles

Click here to take the quiz!

General Stats

  • This quiz has been taken 18 times
  • The average score is 14 of 18

Answer Stats

ArticlesAnswer% Correct
6.4M+English
100%
2.3M+French
100%
2.6M+German
100%
1.7M+Russian
100%
1.7M+Spanish
100%
1.2M+Chinese
94%
1.3M+Japanese
94%
1.1M+Arabic
88%
2M+Dutch
88%
1.4M+Egyptian Arabic
88%
1.7M+Italian
88%
1M+Portuguese
88%
2.8M+Swedish
88%
almost 1.5M+Polish
76%
1.2M+Vietnamese
76%
1.1M+Ukrainian
65%
6M+Cebuano
0%
1.2M+Waray-Waray
0%

Score Distribution

Percentile by Number Answered

Percent of People with Each Score

Your Score History

You have not taken this quiz